Govt. of
Madhya Pradesh

स्‍मरण में है आज जीवन (Record no. 47656)

MARC details
000 -LEADER
fixed length control field 005080000a22001690004500
003 - CONTROL NUMBER IDENTIFIER
control field MACL
005 - DATE AND TIME OF LATEST TRANSACTION
control field 20160504124624.0
008 - FIXED-LENGTH DATA ELEMENTS--GENERAL INFORMATION
fixed length control field 160504b xxu||||| |||| 00| 0 eng d
040 ## - CATALOGING SOURCE
Original cataloging agency MACL
Transcribing agency MACL
041 ## - LANGUAGE CODE
Language code of text/sound track or separate title Hindi
082 ## - DEWEY DECIMAL CLASSIFICATION NUMBER
Classification number 800 NEE
100 ## - MAIN ENTRY--PERSONAL NAME
Personal name नीलाभ
9 (RLIN) 555
245 ## - TITLE STATEMENT
Title स्‍मरण में है आज जीवन
Statement of responsibility, etc. नीलाभ
260 ## - PUBLICATION, DISTRIBUTION, ETC. (IMPRINT)
Place of publication, distribution, etc. इलाहाबाद
Name of publisher, distributor, etc. अनुराग पब्लिकेशन
Date of publication, distribution, etc. 2012
350 ## - PRICE (NR) (BK AM CF MU VM SE) [OBSOLETE]
Price 150
942 ## - ADDED ENTRY ELEMENTS (KOHA)
Koha item type Hindi Books
Call number prefix 800/NEE
Source of classification or shelving scheme
Holdings
Withdrawn status Lost status Source of classification or shelving scheme Damaged status Not for loan Home library Current library Date acquired Cost, normal purchase price Total Checkouts Full call number Barcode Date last seen Uniform Resource Identifier Price effective from Koha item type
          MACL MACL 15/04/2015 150.00   800/NEE CRH029086 29/04/2015 48536 15/04/2015 Books